ბათუმის შოთა რუსთაველის სახელმწიფო უნივერსიტეტის ბიბლიოთეკა

გზა,რომელზედაც ბობოქრობდნენ საუკუნენი (ბიბ.ჩანაწერი № 43524)

000 -LEADER
fixed length control field 01177nam a2200229Ia 4500
001 - CONTROL NUMBER
control field 10255
003 - CONTROL NUMBER IDENTIFIER
control field GE_BSU
008 - FIXED-LENGTH DATA ELEMENTS--GENERAL INFORMATION
fixed length control field 181216s||||||||xx |||||||||||||| ||und||
040 ## - CATALOGING SOURCE
Transcribing agency GE_BSU
080 ## - UNIVERSAL DECIMAL CLASSIFICATION NUMBER
Universal Decimal Classification number 821.353.1–4
100 ## - MAIN ENTRY--PERSONAL NAME
Personal name სანადირაძე,გიორგი
245 ## - TITLE STATEMENT
Title გზა,რომელზედაც ბობოქრობდნენ საუკუნენი
245 ## - TITLE STATEMENT
Remainder of title მოგზაურობა–ნარკვევი;ეძღვნება გეორგიევსკის ტრაქტატის 200 წლისთავს
245 ## - TITLE STATEMENT
Statement of responsibility, etc. რედ.ე.მესხი.მხატვ.რ.მაჭარაშვილი
260 ## - PUBLICATION, DISTRIBUTION, ETC.
Place of publication, distribution, etc. თბილისი
260 ## - PUBLICATION, DISTRIBUTION, ETC.
Name of publisher, distributor, etc. საბჭოთა საქართველო
260 ## - PUBLICATION, DISTRIBUTION, ETC.
Date of publication, distribution, etc. 1983
300 ## - PHYSICAL DESCRIPTION
Extent 167გვ.16სმ.
653 ## - INDEX TERM--UNCONTROLLED
Uncontrolled term გზა,რომელზედაც ბობოქრობდნენ საუკუნენი
653 ## - INDEX TERM--UNCONTROLLED
Uncontrolled term მოგზაურობა–ნარკვევი;ეძღვნება გეორგიევსკის ტრაქტატის 200 წლისთავს
942 ## - ADDED ENTRY ELEMENTS (KOHA)
Koha item type წიგნი
ეგზემპლარები
Withdrawn status Lost status Damaged status Not for loan Date acquired Barcode Date last seen Price effective from Koha item type
        2018-12-17 33604 2018-12-17 2018-12-17 წიგნი